[Event "Challenge"]
[Site "http://www.queenalice.com/game.php?id=1195822"]
[Date "2013.6.30"]
[Round "-"]
[White "JimSmith"]
[Black "calumvs"]
[Result "0-1"]
[WhiteElo "1100"]
[BlackElo "1881"]

1. e4 g6 2. d4 Bg7 3. e5 c5 4. c3 cxd4 5. cxd4 d6 6. exd6 Qxd6 7. Nf3 a6 8. a3
Nc6 9. Be3 Bg4 10. Be2 Nf6 11. O-O O-O 12. Bc4 b5 13. Be2 Rfd8 14. Nc3 Rac8 15.
b4 Bxf3 16. Bxf3 Nxb4 17. Qb3 Nc6 18. g3 Nxd4 19. Bxd4 Qxd4 20. Rad1 Qc5 21. Ne2
Rxd1 22. Rxd1 Qc7 23. Nf4 e6 24. h4 h5 25. a4 bxa4 26. Qxa4 e5 27. Nd5 Nxd5 28.
Bxd5 Qc2 29. Bb3 Qc6 30. Rd3 Qxa4 31. Bxa4 Rc7 32. Bb3 Ra7 33. Re3 Kf8 34. Ba4
Ke7 35. Re4 f5 36. Re1 Rc7 37. f4 e4 38. Kg2 a5 39. Kh3 Bc3 40. Rc1 Rc5 41. Bd1
Bb4 42. Rxc5 Bxc5 43. Kg2 Kd6 44. Kf1 Bd4 45. Ba4 Kc5 46. Ke2 Kb4 47. Be8 a4 48.
Bf7 a3 49. Ba2 Kc3 50. Kd1 Bf2 0-1

[Event "Invitation"]
[Site "http://www.queenalice.com/game.php?id=1212928"]
[Date "2013.8.30"]
[Round "-"]
[White "calumvs"]
[Black "JimSmith"]
[Result "1/2-1/2"]
[WhiteElo "1863"]
[BlackElo "1100"]

1. d4 d5 2. c4 e6 3. Nc3 Nf6 4. Bg5 Be7 5. e3 Nbd7 6. Nf3 dxc4 7. Bxc4 c5 8. O-O
O-O 9. Qe2 a6 10. a4 h6 11. Bf4 Nb6 12. Bd3 c4 13. Bxc4 Nxc4 14. Qxc4 Bd6 15.
Bxd6 Qxd6 16. e4 Qc6 17. Qxc6 bxc6 18. a5 Rb8 19. Rab1 Re8 20. Rfe1 Bd7 21. Na4
g5 22. b4 c5 23. Nxc5 Rb5 24. e5 Nd5 25. Nxd7 Rd8 26. Nc5 g4 27. Rb3 gxf3 28.
gxf3 Rxb4 29. Rd3 f5 30. exf6 Nxf6 31. Nxe6 Re8 32. d5 Rb5 33. d6 Nd7 34. Kf1
Rxa5 35. Nc7 Rxe1+ 36. Kxe1 Rh5 37. Nxa6 Rxh2 38. Rc3 Rh5 39. Nb8 Nxb8 40. Rc8+
Kf7 41. Rxb8 Rd5 42. Rd8 Ke6 43. f4 Rxd6 44. Rxd6+ Kxd6 45. Ke2 Ke6 46. Kf3 Kf5
47. Kg3 h5 48. f3 h4+ 49. Kxh4 Kxf4 50. Kh3 1/2-1/2

[Event "Invitation"]
[Site "http://www.queenalice.com/game.php?id=1212929"]
[Date "2013.8.30"]
[Round "-"]
[White "calumvs"]
[Black "JimSmith"]
[Result "1-0"]
[WhiteElo "1863"]
[BlackElo "1100"]

1. e4 e5 2. d4 exd4 3. c3 dxc3 4. Bc4 cxb2 5. Bxb2 Nh6 6. Nf3 a6 7. O-O d6 8. e5
Bg4 9. exd6 Qxd6 10. Re1+ Be6 11. Qa4+ b5 12. Bxb5+ c6 13. Bc4 Be7 14. Bxg7 Rg8
15. Bxh6 Bf6 16. Bxe6 Bxa1 17. Bh3+ Kd8 18. Rd1 Qxd1+ 19. Qxd1+ Nd7 20. Qxd7#
1-0

[Event "Invitation"]
[Site "http://www.queenalice.com/game.php?id=1224547"]
[Date "2013.10.14"]
[Round "-"]
[White "JimSmith"]
[Black "calumvs"]
[Result "0-1"]
[WhiteElo "1100"]
[BlackElo "1863"]

1. e4 e5 2. Nf3 Nc6 3. Bc4 Nd4 4. Nxd4 exd4 5. d3 Ne7 6. b3 d5 7. Bxd5 Nxd5 8.
exd5 Qxd5 9. O-O Be7 10. Qg4 Bf5 11. Qd1 Bc8 12. Nd2 O-O 13. Nf3 Bg4 14. h3 Bxf3
15. Qxf3 Qxf3 16. gxf3 Bd6 17. f4 Rfe8 18. Bd2 Re2 19. Rad1 Rae8 20. c3 dxc3 21.
Bxc3 Bxf4 22. a4 Be5 23. d4 Bf6 24. b4 Rc2 25. Ba1 Ree2 26. d5 Bxa1 27. Rxa1 Kf8
28. a5 Ke7 29. b5 Kd6 30. Rad1 Rc5 31. a6 b6 32. f4 Rcc2 33. h4 Rg2+ 34. Kh1
Rh2+ 0-1

[Event "Challenge"]
[Site "http://www.queenalice.com/game.php?id=1238826"]
[Date "2013.12.9"]
[Round "-"]
[White "calumvs"]
[Black "JimSmith"]
[Result "1-0"]
[WhiteElo "1863"]
[BlackElo "1100"]

1. e4 e5 2. d4 exd4 3. c3 dxc3 4. Bc4 Qe7 5. Nxc3 b6 6. Nf3 f6 7. O-O Nc6 8. Nd5
Qd6 9. Bf4 Ne5 10. Qb3 g5 11. Bxe5 fxe5 12. Nxg5 Qg6 13. Nf7 1-0

[Event "Challenge"]
[Site "http://www.queenalice.com/game.php?id=1242182"]
[Date "2013.12.23"]
[Round "-"]
[White "JimSmith"]
[Black "calumvs"]
[Result "0-1"]
[WhiteElo "1100"]
[BlackElo "1851"]

1. e4 d5 2. e5 e6 3. d4 c5 4. Nf3 Nc6 5. Nc3 Bd7 6. b3 Rc8 7. g3 Qc7 8. Bf4 cxd4
9. Nxd4 a6 10. Bg2 Nxd4 11. Qxd4 Qxc3+ 12. Qxc3 Rxc3 13. Rc1 Ba3 14. Ra1 Bb5 15.
Bf1 Bxf1 16. Kxf1 Rxc2 17. Kg2 Ne7 18. Rhd1 Ng6 19. Be3 Nxe5 20. Bd4 f6 21. Re1
Bd6 22. a4 O-O 23. h4 Kf7 24. Kh3 Nc6 25. f4 Nxd4 26. b4 Bxb4 27. Reb1 a5 28.
Rg1 Rfc8 29. g4 Rd2 30. g5 f5 31. h5 Rc3+ 32. Rg3 Rcc2 33. g6+ hxg6 34. hxg6+
Kf6 35. Rh1 Ra2 36. Rc1 Rh2# 0-1

[Event "Orangery"]
[Site "http://www.queenalice.com/game.php?id=1253028"]
[Date "2014.2.1"]
[Round "-"]
[White "calumvs"]
[Black "JimSmith"]
[Result "1-0"]
[WhiteElo "1851"]
[BlackElo "1100"]

1. e4 e5 2. f4 Nc6 3. Nf3 exf4 4. d4 g6 5. Bxf4 Bg7 6. Bc4 Qf6 7. Bg5 Qd6 8. c3
Qf8 9. O-O h6 10. Bf4 d6 11. Qe2 Bg4 12. Nbd2 O-O-O 13. a4 f5 14. Bd3 fxe4 15.
Qxe4 g5 16. Bg3 Re8 17. Qd5 Nf6 18. Qb3 Na5 19. Qc2 Rd8 20. b4 Nc6 21. a5 a6 22.
b5 axb5 23. Bxb5 Nd5 24. Ne5 Ne3 25. Rxf8 Nxc2 26. Rxh8 Rxh8 27. Nxc6 Nxa1 28.
Nb4 c6 29. Bd3 d5 30. h3 Bd1 31. Bf5+ Kd8 32. a6 bxa6 33. Nxc6+ Ke8 34. Nb4 Bh5
35. Nxa6 Kf7 36. Nc7 Kf6 37. Bd3 Kf7 38. Nxd5 Rd8 39. Ne3 Re8 40. Nec4 Kg8 41.
Nd6 Re3 42. Bc4+ Kh7 43. N2e4 Nc2 44. h4 gxh4 45. Bxh4 Bf8 46. Bf2 Bxd6 47. Bxe3
Nxe3 48. Nxd6 Nxc4 49. Nxc4 Bf7 50. Ne5 Kg7 51. Nxf7 Kxf7 52. Kh2 Ke6 53. Kh3
1-0

[Event "Challenge"]
[Site "http://www.queenalice.com/game.php?id=1264039"]
[Date "2014.3.11"]
[Round "-"]
[White "JimSmith"]
[Black "calumvs"]
[Result "0-1"]
[WhiteElo "1100"]
[BlackElo "1851"]

1. e4 e5 2. Nf3 f5 3. Nxe5 Nf6 4. exf5 Nc6 5. Nxc6 dxc6 6. d3 Bxf5 7. Nd2 Bc5 8.
Qe2+ Qe7 9. Qxe7+ Bxe7 10. Be2 O-O-O 11. O-O g5 12. b3 g4 13. g3 h5 14. Bb2 h4
15. Ne4 Rdf8 16. Be5 Rh5 17. f4 Nxe4 18. dxe4 Bd7 19. f5 hxg3 20. hxg3 Rf7 21.
Bxg4 Rg5 22. Rf4 Bb4 23. a3 Bd2 24. Rf2 Be3 25. Be2 Bxf5 26. Kg2 Bxe4+ 27. Bf3
Bxf2 28. Bf4 Rxf4 29. Kxf2 Rxf3+ 30. Ke2 Rgxg3 31. Rc1 Rg2+ 0-1

[Event "Challenge"]
[Site "http://www.queenalice.com/game.php?id=1270145"]
[Date "2014.4.3"]
[Round "-"]
[White "JimSmith"]
[Black "calumvs"]
[Result "0-1"]
[WhiteElo "1100"]
[BlackElo "1851"]

1. e4 c6 2. d4 d5 3. e5 Bf5 4. c3 e6 5. Nf3 h6 6. g3 c5 7. a3 Nc6 8. Bg2 Rc8 9.
O-O Qc7 10. Be3 cxd4 11. Bxd4 Nxd4 12. cxd4 Ne7 13. Qa4+ Nc6 14. Nbd2 Be7 15. b4
a6 16. Rfc1 O-O 17. b5 axb5 18. Qxb5 Ra8 19. Rcb1 Bxb1 20. Qxb1 Rxa3 21. Qb2
Rfa8 22. Rxa3 Bxa3 23. Qa2 b5 24. h3 b4 25. Nb3 Na5 26. Nc5 Nc4 27. Nd2 Nxd2 28.
Qxd2 b3 29. Nxb3 Rb8 30. h4 Rxb3 31. f4 Rxg3 32. Kh2 Rb3 33. Qd1 Rb2 34. Qa4 Qc2
35. Qxc2 Rxc2 36. Kg3 Rxg2+ 37. Kxg2 Bb2 38. Kf3 Bxd4 0-1

[Event "Challenge"]
[Site "http://www.queenalice.com/game.php?id=1286378"]
[Date "2014.6.6"]
[Round "-"]
[White "JimSmith"]
[Black "calumvs"]
[Result "0-1"]
[WhiteElo "1100"]
[BlackElo "1846"]

1. e4 e5 2. d4 exd4 3. Qxd4 Nc6 4. Qe3 d6 5. Nc3 a6 6. Nf3 Nf6 7. Bd3 Be7 8. O-O
O-O 9. Nd5 Nxd5 10. exd5 Nb4 11. Bd2 Nxd5 12. Qe4 Nf6 13. Qe2 h6 14. Rfe1 Re8
15. a3 Bd7 16. Qd1 Bc6 17. b4 Rc8 18. Re3 Ng4 19. Re2 Bxf3 20. gxf3 Ne5 21. Bf4
Nxf3+ 22. Kh1 Ng5 23. Bxg5 Bxg5 24. Be4 c6 25. Bg2 d5 26. Qd3 Qf6 27. Rxe8+ Rxe8
28. Rf1 Qe5 29. c4 d4 30. a4 Bf4 31. Kg1 Bxh2+ 32. Kh1 Re6 33. f4 Bxf4 34. Qf3
Rf6 35. Qg4 Rf5 36. Qh4 Rh5 0-1

[Event "Challenge"]
[Site "http://www.queenalice.com/game.php?id=1304987"]
[Date "2014.8.29"]
[Round "-"]
[White "JimSmith"]
[Black "calumvs"]
[Result "0-1"]
[WhiteElo "1100"]
[BlackElo "1864"]

1. e4 e5 2. Nf3 Nc6 3. d3 Bc5 4. Qd2 Nf6 5. Nc3 O-O 6. b3 Ng4 7. Nd1 d5 8. h3
Nf6 9. g3 dxe4 10. dxe4 Nxe4 11. Qxd8 Rxd8 12. Bb2 Bb4+ 13. c3 Ba5 14. b4 Bb6
15. Bg2 Nf6 16. O-O a6 17. a3 Be6 18. a4 Nd7 19. a5 Ba7 20. Rc1 Bc4 21. Ng5 Bxf1
22. Bxf1 h6 23. Ne4 f5 24. Bc4+ Kh8 25. Nc5 Nxc5 26. bxc5 Bxc5 27. Kg2 Nxa5 28.
Be6 Rf8 29. c4 Nb3 30. Rc3 Nd4 31. Bd5 c6 32. Bf3 Nxf3 33. Rxf3 Bd4 34. Ba3 c5
35. h4 b5 36. cxb5 axb5 37. Bb2 g6 38. Kh3 Bxb2 39. Nxb2 e4 40. Rc3 Rfc8 41. f4
Ra2 42. Nd1 b4 43. Rb3 Rd2 0-1

[Event "Challenge"]
[Site "http://www.queenalice.com/game.php?id=1313380"]
[Date "2014.10.7"]
[Round "-"]
[White "calumvs"]
[Black "JimSmith"]
[Result "1-0"]
[WhiteElo "1858"]
[BlackElo "1100"]

1. b4 e5 2. Bb2 d6 3. e3 Nf6 4. Be2 a6 5. Nf3 Nbd7 6. O-O c6 7. c4 b5 8. c5 d5
9. Nxe5 Nxe5 10. Bxe5 Bf5 11. d3 Qe7 12. Bd6 Qe6 13. Bxf8 Rxf8 14. Nd2 Ke7 15.
Nb3 Rfd8 16. Nd4 Qd7 17. a4 Kf8 18. Qb3 Bg4 19. axb5 Bxe2 20. bxc6 Qc7 21. Nxe2
Qxc6 22. Nd4 Qc7 23. Ra4 Ng4 24. Nf3 d4 25. e4 g6 26. Rfa1 f5 27. exf5 Qb7 28.
fxg6 hxg6 29. Qe6 Qf7 30. Qxg4 Rd5 31. Rxa6 Rxa6 32. Rxa6 Qb7 33. Qxg6 Rd7 34.
Rf6+ Rf7 35. Rxf7+ Qxf7 36. Qxf7+ Kxf7 37. Nxd4 1-0

[Event "Challenge"]
[Site "http://www.queenalice.com/game.php?id=1318412"]
[Date "2014.10.28"]
[Round "-"]
[White "gobblemate"]
[Black "JimSmith"]
[Result "1-0"]
[WhiteElo "1763"]
[BlackElo "1100"]

1. d4 e6 2. c4 Nf6 3. g3 g6 4. Nc3 Bg7 5. e4 d6 6. f4 Nbd7 7. e5 dxe5 8. fxe5
Ng8 9. Nf3 h6 10. Bd3 Ne7 11. O-O b6 12. Re1 O-O 13. Be4 c6 14. Nb5 Bb7 15. Nd6
Rb8 16. Nh4 c5 17. Nxb7 Qe8 18. Nd6 Qd8 19. Be3 g5 20. Nf3 a5 21. Qc2 Ng6 22.
Bxg6 fxg6 23. Qe4 cxd4 24. Bxd4 g4 25. Qxg4 g5 26. Re2 Qe7 27. Rf1 b5 28. h4
gxh4 29. Nxh4 Qg5 30. Qxe6+ 1-0

[Event "Challenge"]
[Site "http://www.queenalice.com/game.php?id=1318413"]
[Date "2014.10.28"]
[Round "-"]
[White "JimSmith"]
[Black "gobblemate"]
[Result "0-1"]
[WhiteElo "1100"]
[BlackElo "1765"]

1. e4 c5 2. b3 Qc7 3. g3 Qe5 4. Nc3 g6 5. Nf3 Qh5 6. Bg2 Bg7 7. d4 cxd4 8. Nxd4
Qxd1+ 9. Nxd1 Bxd4 10. Rb1 Nf6 11. c3 Be5 12. O-O Nc6 13. c4 O-O 14. Be3 Bc7 15.
h3 e5 16. Nc3 Re8 17. Nb5 Bb8 18. c5 Re6 19. b4 a6 20. Nc3 d6 21. cxd6 Bxd6 22.
a3 Bd7 23. Nd5 Rae8 24. Bg5 Be7 25. Nxf6+ Bxf6 26. Be3 Nd4 27. Bxd4 exd4 28. e5
Rxe5 29. Bxb7 Bxh3 30. Rfc1 d3 31. Rb2 Re1+ 32. Rxe1 Rxe1+ 33. Kh2 Bxb2 34. Kxh3
d2 0-1

[Event "Winter 2014"]
[Site "http://www.queenalice.com/game.php?id=1325017"]
[Date "2014.11.28"]
[Round "-"]
[White "JimSmith"]
[Black "calumvs"]
[Result "0-1"]
[WhiteElo "1139"]
[BlackElo "1878"]

1. e4 e5 2. d4 exd4 3. Qxd4 Nc6 4. Qd2 Nf6 5. Nc3 Bb4 6. Qd3 O-O 7. a3 Bxc3+ 8.
bxc3 h6 9. Bf4 Re8 10. f3 d5 11. O-O-O dxe4 12. Qxd8 Rxd8 13. Rxd8+ Nxd8 14.
fxe4 Ne6 15. e5 Ne4 16. Be3 Bd7 17. Nf3 Nxc3 18. Kb2 Nd1+ 19. Kc1 Nxe3 20. c3
Nxf1 21. Rxf1 Bb5 22. Re1 Rd8 23. h4 Nf4 24. g4 Nd3+ 25. Kd2 Nxe1+ 26. Kxe1 Rd3
27. Nd4 Bd7 28. g5 hxg5 29. hxg5 Rxc3 30. a4 Rc4 0-1

[Event "Challenge"]
[Site "http://www.queenalice.com/game.php?id=1325299"]
[Date "2014.11.30"]
[Round "-"]
[White "JimSmith"]
[Black "Enzo1945"]
[Result "1-0"]
[WhiteElo "1100"]
[BlackElo "1443"]

1. e4 e5 2. Nf3 Nc6 3. g3 Bc5 4. d3 Nf6 5. Bg5 h6 6. Bxf6 Qxf6 7. Bg2 d6 8. Nbd2
Be6 9. O-O O-O 10. a3 Bd4 11. c3 Bc5 12. b4 Bb6 13. a4 a6 14. c4 Nd4 15. Nxd4
exd4 16. e5 dxe5 17. Bxb7 Ra7 18. Bg2 Bf5 19. Ne4 Qg6 20. a5 Bxa5 21. Rxa5 Re8
22. Qa4 Rd8 23. Rxe5 Qg4 24. Re8+ Rxe8 25. Qxe8+ Kh7 26. Qxf7 Ra8 27. Nf6+ Kh8
28. Nxg4 Bxg4 29. Qxc7 Be2 30. Bxa8 Bxd3 31. Re1 Kh7 32. Re7 Kg6 33. Rxg7+ Kf5
34. Qf4+ Ke6 35. Bd5# 1-0

[Event "Challenge"]
[Site "http://www.queenalice.com/game.php?id=1336454"]
[Date "2015.1.22"]
[Round "-"]
[White "JimSmith"]
[Black "calumvs"]
[Result "0-1"]
[WhiteElo "1139"]
[BlackElo "1886"]

1. e4 e5 2. Nf3 Nf6 3. d3 Nc6 4. g3 d5 5. exd5 Nxd5 6. c4 Nf6 7. Nc3 Bc5 8. Qd2
O-O 9. Bg2 Bf5 10. Bf1 Nb4 11. Nxe5 Re8 12. Qf4 Bd4 13. Kd2 Rxe5 14. a3 Bxc3+
15. bxc3 Nxd3 16. Qd4 Qe7 17. Bxd3 Bxd3 18. Kxd3 Rd8 0-1

[Event "Challenge"]
[Site "http://www.queenalice.com/game.php?id=1347498"]
[Date "2015.3.14"]
[Round "-"]
[White "JimSmith"]
[Black "calumvs"]
[Result "0-1"]
[WhiteElo "1139"]
[BlackElo "1879"]

1. e4 d6 2. Nf3 Nf6 3. d3 g6 4. Nc3 Bg7 5. g3 e5 6. Bg2 O-O 7. O-O Nc6 8. a3 Nd7
9. Be3 f5 10. b4 f4 11. Bd2 fxg3 12. fxg3 Nf6 13. Qe2 Bg4 14. h3 Nd4 15. Qd1
Bxf3 16. Bxf3 Nxf3+ 17. Rxf3 Qd7 18. a4 Qxh3 19. Kf2 Ng4+ 20. Ke1 Qh1+ 21. Ke2
Qxf3+ 22. Ke1 Qf2# 0-1

[Event "Challenge"]
[Site "http://www.queenalice.com/game.php?id=1350771"]
[Date "2015.3.30"]
[Round "-"]
[White "calumvs"]
[Black "JimSmith"]
[Result "1-0"]
[WhiteElo "1887"]
[BlackElo "1139"]

1. d4 e6 2. c4 Nf6 3. Nc3 c5 4. Nf3 b6 5. Bg5 h6 6. Bh4 d5 7. e3 a6 8. Bd3 Qd7
9. O-O Be7 10. Rc1 O-O 11. Qe2 Nc6 12. Rfd1 Bb7 13. a3 g5 14. Bg3 Na5 15. dxc5
bxc5 16. h3 Nb3 17. Rc2 d4 18. exd4 cxd4 19. Nb1 a5 20. Nbd2 Nc5 21. Ne5 Qc8 22.
Ndf3 Qc7 23. Nxf7 Rxf7 24. Bxc7 1-0

[Event "Challenge"]
[Site "http://www.queenalice.com/game.php?id=1372619"]
[Date "2015.7.21"]
[Round "-"]
[White "JimSmith"]
[Black "calumvs"]
[Result "1-0"]
[WhiteElo "1124"]
[BlackElo "1841"]

1. e4 e6 2. c3 d5 3. e5 c5 4. Nf3 Nc6 5. d4 cxd4 6. cxd4 Qb6 7. Nc3 Bd7 8. a3
Rc8 9. b4 a5 10. b5 Nxe5 11. Na4 Nxf3+ 12. Qxf3 Qxd4 13. Nb2 Rxc1+ 14. Rxc1 Qxb2
15. Rd1 Qxa3 16. Be2 Bb4+ 17. Kf1 Qxf3 18. Bxf3 Bxb5+ 19. Kg1 Nf6 20. g3 O-O 21.
h4 Rc8 22. g4 Bc4 23. Rc1 Bc5 24. Rb1 b5 25. Kg2 b4 26. Rhc1 a4 27. Bd1 a3 28.
Bb3 Bd6 29. Bxc4 1-0

[Event "Challenge"]
[Site "http://www.queenalice.com/game.php?id=1377459"]
[Date "2015.8.14"]
[Round "-"]
[White "McJack3xtr3me"]
[Black "JimSmith"]
[Result "1-0"]
[WhiteElo "1166"]
[BlackElo "1139"]

1. e3 e5 2. e4 Nf6 3. Bd3 Bc5 4. Qf3 O-O 5. Ne2 d5 6. exd5 Qxd5 7. O-O Qxf3 8.
gxf3 Nc6 9. Bb5 Bd7 10. Bxc6 Bxc6 11. d3 Bxf3 12. Ng3 Rfe8 13. Re1 Bd6 14. Bg5
Re6 15. Re3 Bc6 16. Ne4 Bxe4 17. dxe4 Bc5 18. Rc3 Nxe4 19. Rc4 Bd4 20. Be3 Bxb2
21. Rxe4 Bxa1 22. Nd2 h6 23. Nb3 Bc3 24. Rc4 1-0